[Event "Lichtenrader Herbst 2018"]
[Site "Berlin"]
[Date "2018.11.02"]
[Round "7"]
[White "Florstedt, Johannes"]
[Black "Kurayan, Ruslan"]
[Result "0-1"]
[WhiteElo "2310"]
[BlackElo "2385"]
[Annotator "NA"]
[PlyCount "78"]
[EventDate "2018.10.27"]
[EventType "swiss"]
[EventCountry "GER"]
[SourceTitle "playchess.com"]
[Source "ChessBase"]
[SourceQuality "1"]
[TimeControl "40/5400+30:1800+30"]

1. e4 {[%emt 0:00:00]} c5 {[%emt 0:00:00]} 2. Nf3 {[%emt 0:00:00]} d6 {[%emt 0:00:00]} 3. d4 {[%emt 0:00:00]} Nf6 {[%emt 0:00:00]} 4. Nc3 {[%emt 0:00:00]} cxd4 {[%emt 0:00:00]} 5. Nxd4 {[%emt 0:00:00]} g6 {[%emt 0:00:03]} 6. Be3 {[%emt 0:00:02]} Bg7 {[%emt 0:00:09]} 7. f3 {[%emt 0:00:06]} O-O {[%emt 0:00:09]} 8. Qd2 {[%emt 0:00:11]} Nc6 {[%emt 0:00:09]} 9. O-O-O {[%emt 0:00:36]} d5 {[%emt 0:00:10]} 10. exd5 {[%emt 0:00:08]} Nxd5 {[%emt 0:00:07]} 11. Nxc6 {[%emt 0:00:09]} bxc6 {[%emt 0:00:20]} 12. Bd4 {[%emt 0:00:10]} Nxc3 {[%emt 0:11:49]} 13. Qxc3 {[%emt 0:01:19]} Bh6+ {[%emt 0:05:50]} 14. Be3 {[%emt 0:00:14]} Bxe3+ {[%emt 0:00:08]} 15. Qxe3 {[%emt 0:00:04]} Qb6 {[%emt 0:00:05]} 16. Re1 {[%emt 0:00:09] B76: Sicilian Dragon: Yugoslav Attack, 9 g4 and 9 0-0-0} (16. Qxe7 Be6 17. Qa3 Rad8 18. Bd3 Rd5 19. b3 Rfd8 20. Rde1 Rd4 21. Re5 R8d5 22. Re2 Qd8 23. Rhe1 a5 24. Re4 a4 25. Rxd4 Rxd4 {½-½ (51) Wang,H (2724)-Timofeev,A (2690) Ningbo 2010}) 16... Be6 {[%emt 0:10:30]} 17. h4 {[%emt 0:04:28]} Rfd8 $146 {[%emt 0:13:11]} ({Predecessor:} 17... Rab8 18. b3 Rfd8 19. Qc3 Qd4 20. Qxd4 Rxd4 21. h5 Kg7 22. Re5 Rd5 23. Rxd5 cxd5 {½-½ (46) Abdumalik,Z (2379)-Kuderinov,K (2465) Moscow 2015}) 18. h5 {[%emt 0:18:11]} Rab8 {[%emt 0:01:30]} 19. b3 {[%emt 0:03:26]} Qxe3+ {[%emt 0:21:30]} 20. Rxe3 {[%emt 0:00:06]} c5 {[%emt 0:00:05]} 21. Bd3 {[%emt 0:05:49]} Rd6 {[%emt 0:08:56]} 22. Re5 {[%emt 0:06:22]} Rc8 {[%emt 0:02:26]} 23. Rh4 {[%emt 0:00:50]} Rc7 {[%emt 0:00:58]} 24. Kb2 {[%emt 0:03:15]} Kg7 {[%emt 0:04:00]} 25. h6+ {[%emt 0:01:11]} Kf6 {[%emt 0:01:02]} 26. f4 {[%emt 0:14:51]} c4 {[%emt 0:10:02]} 27. Be4 {[%emt 0:13:18]} c3+ {[%emt 0:04:08]} 28. Kc1 {[%emt 0:00:06]} (28. Ka3 $11 {keeps the balance.} Rd4 29. g4 Bxg4 30. Rxg4 Rxe4 31. Rxe4) 28... Rd4 {[%emt 0:00:49]} 29. Bd3 {[%emt 0:00:34]} Bf5 {[%emt 0:02:16]} 30. Bxf5 {[%emt 0:08:15]} Rxf4 {[%emt 0:00:06]} 31. Rxf4 {[%emt 0:00:37]} Kxe5 {[%emt 0:00:01]} 32. Rf3 {[%emt 0:02:19]} gxf5 {[%emt 0:00:05]} 33. Rg3 {[%emt 0:01:06]} (33. Kd1 $17) 33... Kf4 {[%emt 0:04:02]} 34. Rg7 {[%emt 0:00:19]} e5 {[%emt 0:00:43]} 35. Rxh7 {[%emt 0:09:13]} Rc6 $19 {[%emt 0:00:16]} 36. Kd1 {[%emt 0:00:02]} Ke3 {[%emt 0:00:39]} 37. Rg7 {[%emt 0:00:14]} Kf2 {[%emt 0:00:34]} 38. Rg5 {[%emt 0:02:45]} Rd6+ {[%emt 0:00:07]} 39. Kc1 {[%emt 0:00:03]} Ke2 {[%emt 0:00:24]} 0-1

[Event "Lichtenrader Herbst 2018"]
[Site "Berlin"]
[Date "2018.11.03"]
[Round "8"]
[White "Bruedigam, Martin"]
[Black "Rakotomaharo, Fy Antenaina"]
[Result "1/2-1/2"]
[WhiteElo "2392"]
[BlackElo "2422"]
[Annotator "TA"]
[PlyCount "51"]
[EventDate "2018.10.27"]
[EventType "swiss"]
[EventCountry "GER"]
[SourceTitle "playchess.com"]
[Source "ChessBase"]
[SourceQuality "1"]

{[%evp 14,51,54,50,60,41,38,37,40,26,16,7,12,8,11,14,21,21,51,38,38,50,43,48,59,51,56,56,57,54,53,54,57,62,52,53,56,54,37,0]} 1. e4 e5 2. Nf3 Nc6 3. Bc4 Nf6 4. d3 Be7 5. O-O O-O 6. Re1 d6 7. a4 Kh8 8. h3 {LiveBook: 67 Games. C55: Two Knights: 4 d3, 4 d4 exd4 5 e5 and Max Lange Attack} (8. Nc3 Ng8 9. Nd5 f5 10. h3 fxe4 11. dxe4 Nf6 12. a5 a6 13. Ra3 Be6 14. Nxf6 Bxc4 15. Nd5 Bb5 {½-½ (67) Caruana,F (2822)-Grischuk,A (2766) Saint Louis 2018}) 8... Nd7 9. Nc3 Nb6 10. Bb3 Na5 11. Ba2 c5 12. Nd5 Nxd5 13. Bxd5 f5 14. c3 {[%cal Bc2c3,Bc3b4][%mdl 32]} Nc6 15. Bd2 $146 ({Predecessor:} 15. d4 fxe4 16. Rxe4 exd4 17. cxd4 {0-1 (48) Krause,B (2289)-Naiditsch,A (2684) Germany 2015}) 15... Qe8 16. b4 {White is slightly better.} fxe4 17. dxe4 Qg6 {[#] ...Bxh3 is the strong threat.} 18. Kh2 cxb4 19. cxb4 Nd4 20. Ra3 Ne6 21. Rc3 Rb8 22. Be3 Bd7 23. a5 ({Don't play} 23. Bxa7 Nf4 $15) 23... a6 24. Qe2 Bb5 25. Qa2 Bd7 26. Qe2 {Precision: White = 60%, Black = 76%.} 1/2-1/2

[Event "Lichtenrader Herbst 2018"]
[Site "Berlin"]
[Date "2018.11.03"]
[Round "8"]
[White "Kurayan, Ruslan"]
[Black "Stern, Rene"]
[Result "1/2-1/2"]
[WhiteElo "2385"]
[BlackElo "2527"]
[Annotator "TA"]
[PlyCount "57"]
[EventDate "2018.10.27"]
[EventType "swiss"]
[EventCountry "GER"]
[SourceTitle "playchess.com"]
[Source "ChessBase"]
[SourceQuality "1"]

{[%evp 33,57,0,0,-29,-29,-33,-34,-34,-30,-37,-11,-6,7,-47,0,-47,0,0,0,0,0,0,0,0,0,0]} 1. e4 e5 2. Nf3 Nc6 3. d4 exd4 4. Nxd4 Nf6 5. Nxc6 bxc6 6. e5 Qe7 7. Qe2 Nd5 8. c4 Ba6 9. b3 g6 10. g3 Bg7 11. Bb2 O-O 12. Bg2 Rae8 13. O-O Bxe5 {C45: Scotch Game} 14. Qxe5 Qxe5 15. Bxe5 Rxe5 16. cxd5 Bxf1 17. Kxf1 cxd5 {LiveBook: 97 Games} 18. Nc3 c6 19. Rd1 Rfe8 20. Bf3 Kf8 21. Na4 Ke7 $146 22. Nb2 Kd8 23. Rd4 ({White should try} 23. Nd3 $11) 23... Re1+ $15 24. Kg2 Kc7 (24... Rc1 $5 {[%cal Rc1c2]} 25. Ra4 Rc2 $17) 25. Nd3 {The position is equal.} Rb1 26. Ra4 Kb6 27. Rb4+ Kc7 28. Ra4 Kb6 29. Rb4+ {Precision: White = 65%, Black = 48%.} 1/2-1/2

[Event "Lichtenrader Herbst 2018"]
[Site "Berlin"]
[Date "2018.11.03"]
[Round "8"]
[White "Glantz, Robert"]
[Black "Starostits, Ilmars"]
[Result "1-0"]
[WhiteElo "2285"]
[BlackElo "2454"]
[Annotator "TA"]
[PlyCount "79"]
[EventDate "2018.10.27"]
[EventType "swiss"]
[EventCountry "GER"]
[SourceTitle "playchess.com"]
[Source "ChessBase"]
[SourceQuality "1"]

{[%evp 15,79,40,55,0,0,0,7,-7,0,-22,0,0,57,45,56,37,52,50,90,0,27,34,40,40,26,17,97,96,95,104,107,96,93,104,235,196,217,207,194,172,194,194,194,192,187,185,275,275,378,349,681,676,822,810,1726,1699,1549,1540,3616,1266,11655,12835,29983,29984,29984,5314]} 1. e4 c6 2. d4 d5 3. e5 Bf5 4. h4 h6 5. g4 Bd7 6. Nc3 {B12: Caro-Kann (Vorstoß-Variante)} (6. Be3 Qb6 7. Nd2 e6 8. Nb3 Na6 9. h5 c5 10. dxc5 Nxc5 11. Nf3 Qc7 12. c3 b6 13. Nbd4 a6 {½-½ (56) Nepomniachtchi,I (2767)-Dreev,A (2652) Doha 2016}) 6... c5 7. dxc5 e6 8. Be3 Qc7 {LiveBook: 5 Partien} 9. Nf3 (9. Nb5 $14 Bxb5 10. Bxb5+ Nd7 11. Bxd7+ Qxd7 12. Ne2) 9... Bxc5 $11 10. Qd2 a6 11. h5 $146 ({Vorgänger:} 11. Bxc5 Qxc5 12. O-O-O Ne7 13. Nd4 Nbc6 {½-½ (33) Darini,P (2442)-Berkes,F (2649) Baku 2014}) 11... Ne7 12. O-O-O Bb4 13. Nd4 Nbc6 (13... Qxe5 $11 14. Bf4 Qf6) 14. a3 $14 Bxc3 15. Qxc3 Qxe5 16. f4 Qc7 17. Bd3 (17. Nxc6 $16 Bxc6 18. Rg1 (18. Qxg7 Rg8 $11)) 17... O-O-O 18. Nxc6 Bxc6 19. Rhf1 $36 {[%mdl 2048] Weiss kämpft um Vorteil.} f6 20. Qb4 {Schwarz sollte Lb6 verhindern.} Qd7 (20... d4 $11 {bleibt in der Remisbreite.} 21. Bxd4 Nd5) 21. Bc5 $16 Rde8 22. Rfe1 d4 {Die Idee ist ...Lf3.} 23. Bg6 Nxg6 24. Rxd4 Qxd4 (24... Bd5 $16) 25. Qxd4 $18 (25. Bxd4 Nxf4 26. Qd6 e5 $14) 25... e5 {[#]} 26. fxe5 $1 Nxe5 {Und weiter mit ...Sf3 wäre nett.} 27. Kb1 Rd8 28. Qb4 Rhe8 29. b3 Re6 30. a4 {[%cal Ba3a4,Ba4a5,Ba5b6][%mdl 32]} Bf3 (30... Ree8 {ist eine bessere Verteidigung.} 31. Ba7 Rd7) 31. Re3 Rc6 32. a5 b5 $2 (32... Bd5 33. Bf8 Rc7) 33. axb6 Kb7 34. Bd4 a5 35. Qxa5 {[#] jetzt Da7+ und aus.} Ra8 36. Qb4 Bd1 37. c3 (37. Qe7+ $142 Ka6 38. Bxe5 fxe5 39. Rxe5 Bxc2+ 40. Kb2 Bxb3 41. Qa3+ Kb7 42. Re7+ Kb8 43. Qxb3) 37... Bxg4 38. Bxe5 Bf5+ 39. Kb2 fxe5 40. Rxe5 {Precision: Weiß = 75%, Schwarz = 20%.} (40. Qe7+ $142 Kb8 41. Rf3 g6 42. hxg6 Bc8 43. g7 Rxb6 44. g8=Q Ra2+ 45. Kxa2) 1-0

[Event "Lichtenrader Herbst 2018"]
[Site "Berlin"]
[Date "2018.11.03"]
[Round "8"]
[White "Baum, Jonasz"]
[Black "Stets, Dmitry"]
[Result "1/2-1/2"]
[WhiteElo "2273"]
[BlackElo "2373"]
[Annotator "TA"]
[PlyCount "81"]
[EventDate "2018.10.27"]
[EventType "swiss"]
[EventCountry "GER"]
[SourceTitle "playchess.com"]
[Source "ChessBase"]
[SourceQuality "1"]

{[%evp 22,81,0,0,0,0,24,0,22,-49,40,0,0,0,0,0,25,0,0,10,21,0,-9,0,41,18,53,62,54,-22,-20,-19,-9,-26,0,-23,6,6,8,8,2,7,7,0,0,0,0,0,0,-4,0,0,0,0,0,0,0,0,0,-12,-15,-18]} 1. e4 c5 2. Nf3 d6 3. d4 cxd4 4. Nxd4 Nf6 5. Nc3 g6 6. Be2 Bg7 7. Nb3 O-O 8. O-O Nc6 9. Re1 Be6 10. Bf1 Rc8 11. Bg5 {B70: Sicilian Dragon: 6 g3 and 6 Be2 (without a later Be3)} Nd7 (11... h6 12. Bf4 d5 13. exd5 Nxd5 14. Nxd5 Bxd5 15. c3 e5 16. Be3 b6 17. Qc1 Qh4 18. f3 Rfd8 {0-1 (52) Andriasian,Z (2585)-Nakamura,H (2781) chess.com INT 2018}) 12. Rb1 {LiveBook: 4 Games} Re8 13. Nd5 Nb6 14. c3 a6 $146 ({Predecessor:} 14... Ne5 15. h3 Nec4 16. Nf4 Bd7 17. Nd3 a5 18. Nd4 a4 {½-½ (69) Rodriguez Lopez,R (2256)-Gonzalez Trigal,J (2338) Mondariz 2016}) 15. f4 (15. Be3 $11 Bxd5 16. exd5) 15... Na4 (15... f5 $15) 16. Nd4 Nxd4 17. Qxa4 Bxd5 18. exd5 Nf5 19. Bd3 Qb6+ 20. Kh1 {Black must now prevent Bxf5.} Ne3 21. Qe4 Ng4 {[#] ( -> ...Nf2+)} 22. Bh4 Bf6 23. Bg3 Nf2+ 24. Bxf2 $1 Qxf2 25. Qe3 ({White should try} 25. Re2 $14 Qb6 26. g4) 25... Qxe3 $11 26. Rxe3 b5 27. Re4 Rb8 28. a4 Rec8 29. axb5 {The position is equal.} axb5 30. Rb4 Rc5 31. c4 Kf8 32. Be2 Ke8 33. Rxb5 Rbxb5 34. cxb5 {[%mdl 4096] Endgame KRB-KRB} Kd8 35. b6 Kc8 36. b4 Rc2 37. Bb5 Bd4 38. Ba6+ Kb8 39. b7 Ra2 40. Bb5 Kxb7 41. Be8 {Precision: White = 49%, Black = 55%.} 1/2-1/2

[Event "Lichtenrader Herbst 2018"]
[Site "Berlin"]
[Date "2018.11.04"]
[Round "9"]
[White "Stern, Rene"]
[Black "Glantz, Robert"]
[Result "1-0"]
[WhiteElo "2527"]
[BlackElo "2285"]
[Annotator "TA"]
[PlyCount "129"]
[EventDate "2018.10.27"]
[EventType "swiss"]
[EventCountry "GER"]
[SourceTitle "playchess.com"]
[Source "ChessBase"]
[SourceQuality "1"]

{[%evp 18,129,24,24,43,24,50,45,62,65,68,69,69,53,59,63,65,57,56,51,58,56,52,44,68,54,77,70,77,66,86,86,86,86,86,82,82,82,85,86,102,104,107,110,93,88,86,83,105,97,89,33,70,32,91,50,118,125,124,119,123,122,103,102,106,89,121,119,121,128,220,202,208,192,269,270,892,875,29961,29966,29965,29966,29970,29968,29967,29968,29969,29972,29966,29968,29967,29970,29969,29970,29966,29966,29979,29980,29980,29979,29983,29984,29984,29985,29986,29987,29987,29988,29988,29989,29989,29990,29990,29991]} 1. Nf3 Nf6 2. c4 e6 3. Nc3 d5 4. d4 {[%cal Bd2d4,Bd4c5,Bc5c6][%mdl 32]} Be7 5. Bg5 Nbd7 6. e3 h6 7. Bh4 O-O 8. Rc1 c5 {D63: Queen's Gambit Declined: Classical: 7 Rc1} 9. dxc5 dxc4 (9... Nxc5 10. cxd5 g5 11. Bg3 Nxd5 12. Nxd5 Qxd5 13. Qxd5 exd5 14. Nd4 Bd7 15. Be2 Rac8 16. O-O {½-½ (31) Ivanchuk,V (2710)-Yu,Y (2765) Batumi 2018}) 10. c6 {LiveBook: 10 Games} Nb6 {White has an edge.} 11. Qxd8 Rxd8 12. Ne5 Bd6 $146 ({Predecessor:} 12... g5 13. Bg3 Nh5 14. c7 Re8 15. Nxc4 Nxc4 16. Bxc4 Nxg3 17. hxg3 {1-0 (30) Nabaty,T (2649)-Boruchovsky,A (2542) Budapest 2017}) 13. Nxc4 Nxc4 14. Bxc4 bxc6 15. Ke2 Bd7 16. Rhd1 Be8 17. Bg3 Bxg3 18. hxg3 Kf8 19. Rxd8 Rxd8 20. Bd3 Rb8 21. b3 Rb4 22. Na4 Ke7 23. Rc5 Kd6 24. Ra5 Rb7 25. Nc5 Rc7 26. e4 {[#] Strongly threatening Na6.} e5 27. f4 {Hoping for fxe5+.} Ng4 28. Kd2 Re7 29. Be2 h5 30. Bxg4 hxg4 $16 {[%mdl 4096] Endgame KRB-KRN} 31. Ke3 f6 32. Nd3 Bg6 {White should prevent ...exf4+.} 33. fxe5+ fxe5 34. Rc5 ({White should play} 34. Nf2 $16) 34... Be8 35. Rc1 Rf7 (35... Rb7 $14) 36. Rd1 Bd7 (36... Rb7 $14) 37. Nb2+ Kc7 38. Nc4 Re7 39. Rh1 g6 40. Rh6 Be8 41. Rh8 Bd7 42. Ra8 Kb7 43. Rf8 Re6 (43... c5 $16 44. Rg8 Re6) 44. Rf7 $18 Kc8 45. Nb2 Kd8 (45... c5 $142 46. Nd3 Bb5 47. Rxa7 (47. Nxc5 Rc6 $16) 47... Bxd3) 46. Nd3 Ke8 $2 (46... Re8 47. Rg7 a5) 47. Rxd7 Kxd7 {KR-KN} 48. Nc5+ {White mates.} Kd6 49. Nxe6 Kxe6 {KP-KP} 50. Kd3 Kd7 {[#]} 51. Kc4 $1 {[%cal Rc4c5]} Kd6 52. b4 Kd7 53. Kc5 Kc7 54. b5 cxb5 55. Kxb5 Kd6 56. a4 {[%cal Ba2a4,Ba4a5][%mdl 32]} g5 57. a5 Kc7 58. Kc5 Kb7 59. Kd5 Ka6 60. Kxe5 Kxa5 61. Kd6 Kb4 62. e5 a5 63. e6 a4 64. e7 a3 65. e8=Q {Precision: White = 73%, Black = 37%.} 1-0

[Event "Lichtenrader Herbst 2018"]
[Site "Berlin"]
[Date "2018.11.04"]
[Round "9"]
[White "Shishkin, Vadim"]
[Black "Bekasovs, Rihards"]
[Result "0-1"]
[WhiteElo "2453"]
[BlackElo "2182"]
[Annotator "TA"]
[PlyCount "74"]
[EventDate "2018.10.27"]
[EventType "swiss"]
[EventCountry "GER"]
[SourceTitle "playchess.com"]
[Source "ChessBase"]
[SourceQuality "1"]

{[%evp 19,74,58,74,44,86,61,62,18,14,20,55,12,15,0,43,50,77,48,40,52,129,32,37,36,32,34,45,0,50,42,58,35,132,29,104,101,100,86,86,86,79,86,85,0,66,60,150,142,808,792,4132,4132,29968,-889,-854,-29990,-12]} 1. d4 Nf6 2. c4 {[%cal Bc2c4,Bc4b5][%mdl 32]} c5 3. d5 b5 4. cxb5 a6 5. bxa6 g6 6. Nc3 {A58: Benko/Volga Gambit: Lines with 5 bxa6} Bg7 7. e4 (7. Nf3 O-O 8. g3 d6 9. Bg2 Nxa6 10. O-O Bf5 11. Nh4 Bd7 12. b3 Qb6 13. Bd2 Rfb8 14. Re1 Nc7 15. Qc2 Ra3 16. Qc1 Qa7 17. e4 Ng4 18. h3 {0-1 (38) Li,C (2732)-Shankland,S (2671) Liaocheng 2018}) 7... O-O 8. Be2 Bxa6 9. Nf3 Qa5 10. O-O d6 {LiveBook: 19 Games} 11. Re1 Nfd7 12. Bg5 Re8 13. Qd2 Bxe2 14. Rxe2 Na6 $146 ({Predecessor:} 14... Nb6 15. Rc1 N8d7 16. Qf4 Nc4 17. b3 {0-1 (50) Alzaim,T (2249)-Mok,T (2308) Istanbul 2000}) 15. Bf4 Nb4 16. e5 dxe5 17. Nxe5 Rad8 18. Nxd7 Rxd7 19. d6 {Threatens to win with Nd5.} Qa8 {[#]} (19... Nc6 $14) 20. a3 (20. Rae1 $1 $16) 20... Bxc3 21. bxc3 Nd5 {[%cal Bb4d5,Bd5f6,Bf6e4][%mdl 32]} 22. Bg3 Nf6 23. Be5 {Rae1 is the strong threat.} Ne4 24. Qh6 {[%csl Ge5][%cal Rh6g7]} f6 25. Qh3 e6 (25... f5 $14) 26. Rae1 ({Better is} 26. Qf3 $16) 26... fxe5 (26... Nxf2 $1 $11 {keeps the balance.} 27. Rxf2 fxe5) 27. Rxe4 $16 Rxd6 {Hoping for ...Qxe4!} 28. Rxe5 Qxa3 29. Qe3 $36 {[%mdl 2048] White has strong initiative.} c4 30. h4 {[%cal Bh2h4,Bh4h5][%mdl 32]} Rd3 31. Qh6 (31. Qe4 $16 Qxc3 32. Rxe6) 31... Qe7 (31... Qxc3 $11 32. R5e4 Rd4) 32. h5 $14 Qg7 (32... Qh4 $14) 33. Qf4 $16 Rxc3 $2 {[%mdl 8192]} (33... Qc7 $16 34. Qg4 Qf7 35. hxg6 (35. Rxe6 Rf8 $16) (35. Qxc4 Rd2 $16) 35... hxg6 36. Qxc4 (36. Rxe6 Rxe6 37. Rxe6 Rd1+ 38. Kh2 Qc7+ 39. g3 Qh7+ 40. Qh4 Qxh4+ 41. gxh4 Kf7 $18) 36... Rd2) 34. Rxe6 $18 Rf8 35. Re8 Rc2 36. R1e7 $4 {[%mdl 8192] [#]} (36. hxg6 {is the narrow road to win.} hxg6 37. R1e6 Ra2 38. Qxc4 Ra1+ 39. Re1+ Kh7 40. Qh4+ Kg8 41. Rxf8+ Qxf8 42. Rxa1) 36... Qxe7 $1 $19 {[%mdl 512]} 37. h6 (37. Rxe7 Rxf4) 37... Qg7 $2 {[%mdl 32768] Precision: White = 38%, Black = 26%. . Loss on Time!?} (37... Qxe8 {mates} 38. Qd4 Qe7 39. Kh2 Rfxf2 40. Qd5+ Kf8 41. Qa8+ Kf7 42. Qd5+ Qe6 43. Qb7+ Kf6 44. Qg7+ Kg5 45. Qc3 Rxc3 46. Kg1 {[#]} Rxg2+ $1 {[%mdl 512]} 47. Kxg2 Qe2+ 48. Kh1 Rc1#) 0-1

[Event "Lichtenrader Herbst 2018"]
[Site "Berlin"]
[Date "2018.11.04"]
[Round "9"]
[White "Rakotomaharo, Fy Antenaina"]
[Black "Kurayan, Ruslan"]
[Result "1/2-1/2"]
[WhiteElo "2422"]
[BlackElo "2385"]
[Annotator "TA"]
[PlyCount "82"]
[EventDate "2018.10.27"]
[EventType "swiss"]
[EventCountry "GER"]
[SourceTitle "playchess.com"]
[Source "ChessBase"]
[SourceQuality "1"]

{[%evp 17,82,78,74,-12,-7,-8,-12,-16,37,17,21,22,26,39,104,-53,-35,-49,-50,-31,-35,-63,-60,-66,-67,-70,-66,-66,-68,-61,-61,-56,-64,-63,-7,-7,-9,-111,-90,-87,-40,-49,0,0,0,-43,-22,-41,-39,-69,171,51,38,45,68,0,0,0,4,4,6,-42,0,0,0,0,0]} 1. d4 Nf6 2. c4 g6 3. Nc3 Bg7 4. e4 d6 5. Be2 O-O 6. Bg5 c5 7. d5 b5 8. cxb5 {E74: King's Indian: Averbakh Variation: 6...c5} Qa5 (8... a6 9. a4 Qa5 10. Bd2 axb5 11. Bxb5 Ba6 12. Nge2 Nbd7 13. O-O Ne5 14. Qc2 Qb4 15. Bxa6 Rxa6 16. b3 c4 17. Rab1 h5 18. h3 Raa8 19. Be3 Rfc8 20. Rfd1 {1-0 (65) Lalith,B (2587)-Fressinet,L (2672) Doha 2016}) 9. Bd2 a6 {LiveBook: 9 Games} 10. Nf3 (10. a4 $16) 10... axb5 $1 $11 11. Nxb5 Qa4 $146 {[%cal Ra4d1] Black wants to play ...Qxd1+.} ({Predecessor:} 11... Qb6 12. Qb1 Ba6 13. a4 Bxb5 14. Bxb5 Nxe4 15. Qxe4 Qxb5 16. axb5 Rxa1+ {1-0 (61) Laux,T (2335)-Bastian,M (2195) Germany 1995}) 12. Nc3 Qb4 (12... Qxd1+ $1 $11 13. Bxd1 (13. Rxd1 Ba6 $14) 13... Nbd7) 13. O-O Nxe4 {[%cal Rg7c3]} 14. a3 Qxb2 15. Nxe4 {Nc3 is the strong threat.} Bf5 (15... Qxa1 $14 16. Qxa1 Bxa1 17. Rxa1 Ba6) 16. Bd3 $2 (16. Rb1 $16 Qa2 17. Nfg5) 16... Qxa1 $15 17. Qxa1 Bxa1 18. Rxa1 Nd7 19. Ne1 Nb6 {[%mdl 1024] Black has compensation.} 20. f3 Nxd5 21. a4 Rfb8 22. a5 Nb4 23. Bf1 Bd7 24. Nc3 Ra7 25. Nd3 Nc2 (25... Nc6 $15) 26. Ra2 $1 $11 {[%cal Ra2c2]} Nd4 27. Nd5 {[#]} (27. Nf4 $11 {keeps the balance.}) 27... Bc6 $1 $17 {[%cal Rc6d5]} 28. Ne3 Nb3 29. Be1 Rba8 {[%cal Rb3a5]} 30. Nc4 $1 Rb7 31. Ra3 f6 32. a6 Rbb8 33. Nf4 d5 $2 {[#]} (33... Nd4 $15 {stays ahead.} 34. Ne3 Bb5) 34. Na5 ({White has to play} 34. Ne3 $1 $18) 34... Nxa5 $14 35. Rxa5 c4 36. Ne6 (36. Nxd5 $14 Bxd5 37. Rxd5 Rxa6 38. Bxc4) 36... Rb1 $36 {[%mdl 2048] Black is pushing.} 37. Bc3 Kf7 38. Nd4 Rb6 39. a7 e5 40. Nxc6 Rxc6 41. Rxd5 {Hoping for Rd7+.} Rxa7 {Precision: White = 39%, Black = 53%.} 1/2-1/2